| 000 | 00505nam a2200193Ia 4500 | ||
|---|---|---|---|
| 005 | 20250923150137.0 | ||
| 008 | 008 250917s9999 xx 000 0 eng d | ||
| 037 | _aTextual | ||
| 040 |
_aDSWL _beng _cDSWL |
||
| 041 |
_aeng _2eng |
||
| 084 | _qDSWL | ||
| 245 | 0 |
_aPsychology in human and social development _cEd. by J W Berry |
|
| 260 |
_aNew Delhi _b Sage Publications India _c2002 |
||
| 300 | _a310p. | ||
| 365 |
_aINR _b480 |
||
| 925 | _g480 | ||
| 942 | _cTEXL | ||
| 999 |
_c1460050 _d1460050 |
||